| 000 | 00485cam a2200145 4500500 | ||
|---|---|---|---|
| 005 | 20251012032608.0 | ||
| 041 | _afre | ||
| 042 | _adc | ||
| 100 | 1 | 0 |
_aLe Moing, Monique _eauthor |
| 245 | 0 | 0 | _aJérôme CLÉMENT, Plus tard, tu comprendras, Paris, éd. Grasset, 2005, 340 pages. |
| 260 | _c2007. | ||
| 500 | _a50 | ||
| 786 | 0 | _nSigila | 19 | 1 | 2007-06-20 | p. 192-192 | 1286-1715 | |
| 856 | 4 | 1 | _uhttps://shs.cairn.info/revue-sigila-2007-1-page-192?lang=fr&redirect-ssocas=7080 |
| 999 |
_c1547776 _d1547776 |
||